Հայաստանեայց եկեղեցին հինգերորդ դարու մէջ / (Record no. 127113)
[ view plain ]
| 000 -LEADER | |
|---|---|
| fixed length control field | 01085nam a2200229 a 4500 |
| 003 - CONTROL NUMBER IDENTIFIER | |
| control field | AM-YeHGA |
| 040 ## - CATALOGING SOURCE | |
| Original cataloging agency | AM-YeHGA |
| 090 ## - LOCALLY ASSIGNED LC-TYPE CALL NUMBER (OCLC); LOCAL CALL NUMBER (RLIN) | |
| -- | 128476 |
| 001 - CONTROL NUMBER | |
| control field | 000336975 |
| 005 - DATE AND TIME OF LATEST TRANSACTION | |
| control field | 20250618072114.0 |
| 008 - FIXED-LENGTH DATA ELEMENTS--GENERAL INFORMATION | |
| fixed length control field | 040521s1912 ai 000 | arm d |
| 041 0# - LANGUAGE CODE | |
| Language code of text/sound track or separate title | arm |
| 100 1# - MAIN ENTRY--PERSONAL NAME | |
| Personal name | Կիւլէսէրեան, Բաբգէն |
| 245 10 - TITLE STATEMENT | |
| Title | Հայաստանեայց եկեղեցին հինգերորդ դարու մէջ / |
| Statement of responsibility, etc. | Բ. եպս. Կիւլէսէրեան առաջնոորդ Անկիւրոյ ի դպրեվանուց. |
| 260 ## - PUBLICATION, DISTRIBUTION, ETC. | |
| Place of publication, distribution, etc. | Կոստանդնուպոլիս : |
| Name of publisher, distributor, etc. | տպ. Վ. եւ Հ. Տէր-Ներսէսեան, |
| Date of publication, distribution, etc. | 1912. |
| 300 ## - PHYSICAL DESCRIPTION | |
| Extent | Զ-ԺԵ, 98 էջ ; |
| Dimensions | 17 սմ. |
| 500 ## - GENERAL NOTE | |
| General note | Եղիշէ Քննական ուսումնասիրութիւն գիրքէն յապաւուած գլուխներ նոր յաւելուածներով |
| 501 ## - WITH NOTE | |
| With note | Ալիգ. 6. Կազմված է՝ Եղիշէ՝ Պատմութիւն Վարդանանց .-Տփխիս, 1904 … |
| 504 ## - BIBLIOGRAPHY, ETC. NOTE | |
| Bibliography, etc. note | Մատենագիտ. տողատ. ծանոթ. |
| 650 14 - SUBJECT ADDED ENTRY--TOPICAL TERM | |
| Topical term or geographic name entry element | Հայ եկեղեցու պատմություն |
| 9 (RLIN) | 5519 |
| 942 ## - ADDED ENTRY ELEMENTS (KOHA) | |
| Source of classification or shelving scheme | Universal Decimal Classification |
| Koha item type | Գրքեր / Books |
| Withdrawn status | Lost status | Source of classification or shelving scheme | Damaged status | Not for loan | Collection | Home library | Current library | Date acquired | Total checkouts | Full call number | Barcode | Date last seen | Price effective from | Koha item type | Public note |
|---|---|---|---|---|---|---|---|---|---|---|---|---|---|---|---|
| Universal Decimal Classification | Pogharian Individual Collection | Fundamental Scientific Library | Fundamental Scientific Library | 22/12/2016 | Պող/1120 | FL0329261 | 22/12/2016 | 22/12/2016 | Գրքեր / Books | ILL Non-Circ. | |||||
| Universal Decimal Classification | Hovhannisian Individual Collection | Fundamental Scientific Library | Fundamental Scientific Library | 23/10/2018 | Հովհ/3167 | FL0521617 | 23/10/2018 | 23/10/2018 | Գրքեր / Books | ILL Non-Circ. | |||||
| Universal Decimal Classification | Alpoiajian Individual Collection | Fundamental Scientific Library | Fundamental Scientific Library | 21/03/2019 | Ալպ/807 | FL0560523 | 21/03/2019 | 21/03/2019 | Գրքեր / Books | ILL Non-Circ |
ՀՀ Գիտությունների ազգային ակադեմիայի հիմնարար գիտական գրադարան = Fundamental Scientific Library of NAS RA
All site content, except where otherwise noted, is licensed under a